Beyond Desire: (Record no. 158294)

MARC details
000 -LEADER
fixed length control field 00671nam a22001937a 4500
005 - DATE AND TIME OF LATEST TRANSACTION
control field 20181024161349.0
010 ## - LCCN (DPL NO)
LC control number ENG-124359
020 ## - INTERNATIONAL STANDARD BOOK NUMBER
International Standard Book Number 9780199467457
Terms of availability 795.00
035 ## - SYSTEM CONTROL NUMBER
System control number EN-107891
037 ## - SOURCE OF ACQUISITION
Source of stock number/acquisition DBAD/PUB
082 ## - DEWEY DECIMAL CLASSIFICATION NUMBER
Classification number 871.309
100 ## - MAIN ENTRY--PERSONAL NAME
Personal name Keshavamurthy, Kiran
245 ## - TITLE STATEMENT
Title Beyond Desire:
Statement of responsibility, etc by Kiran Keshavamurthy
Remainder of title sexuality in modern tamil literature /
260 ## - PUBLICATION, DISTRIBUTION, ETC. (IMPRINT)
Place of publication, distribution, etc New Delhi
Name of publisher, distributor, etc Oxford University Press
Date of publication, distribution, etc 2016
270 ## - ADDRESS
City New Delhi
Postal code 110002
Address 2/11 Ground Floor, Ansari Road, Daryaganj,
300 ## - PHYSICAL DESCRIPTION
Extent xxxv,198p
Dimensions 22cm.(Hb)
500 ## - GENERAL NOTE
General note It includes conclusion, bibliography, index and about the author
942 ## - ADDED ENTRY ELEMENTS (KOHA)
Source of classification or shelving scheme Dewey Decimal Classification
Item type English Books
Classification part 871.309
Call number suffix KES
Holdings
Withdrawn status Lost status Not for loan Collection code Home library Current library Date acquired Source of acquisition Cost, normal purchase price Full call number Barcode Copy number Cost, replacement price Koha item type
    Not For Loan Non-fiction D.B.Act.Division Bawana 24/10/2018 DBAD/PUB 795.00 871.309 KES EN-107891 1 795.00 English Books

© Delhi Public Library
Hit Counter
free hit counter